[Event "45th Olympiad Budapest 2024"]
[Site "Budapest"]
[Date "2024.09.20"]
[Round "9.2"]
[White "Lodici, Lorenzo"]
[Black "Maurizzi, Marc`andria"]
[Result "1/2-1/2"]
[WhiteElo "2556"]
[BlackElo "2595"]
[PlyCount "150"]
[EventDate "2024.09.11"]
[EventType "team"]
[EventRounds "11"]
[EventCountry "HUN"]
[WhiteTeam "Italy"]
[BlackTeam "France"]
[WhiteTeamCountry "ITA"]
[BlackTeamCountry "FRA"]

1. e4 e5 2. Nf3 Nc6 3. Bc4 Nf6 4. d3 h6 5. O-O Bc5 6. Nc3 d6 7. Na4 Bb6 8. c3 O-O 9. b4 Ne7 10. h3 Ng6 11. Bb3 Bd7 12. Nxb6 axb6 13. Re1 Re8 14. Qc2 Nh5 $146 ({RR} 14... Qc8 15. Kh2 Nh5 16. Qe2 Nhf4 17. Qf1 Bb5 18. c4 Ba4 19. Bxa4 Rxa4 20. a3 Qd7 21. Bb2 Rea8 22. Rad1 c5 23. b5 Ne6 24. Nd2 Ne7 25. Nb1 Nd4 26. Bxd4 cxd4 27. f4 f6 28. f5 R4a5 29. Re2 {Farstad,G (1763)-Bentsen,H (1822) Moere 2001 ½-½ (46)}) 15. d4 Qc8 16. Bc4 Nf6 17. Be3 Ba4 18. Qb1 Bc6 19. d5 Bd7 20. Bf1 c6 21. dxc6 Bxc6 22. Nd2 b5 23. a4 Rxa4 24. Rxa4 bxa4 25. b5 Bd7 26. Nc4 Qc7 27. Rd1 Re6 28. Nb6 a3 29. Qb4 Nf8 30. f3 Nh5 31. Nc4 Rg6 32. Nxd6 a2 33. Nf5 Bxf5 34. exf5 Rd6 35. Ra1 Ng3 36. Bc4 Nxf5 37. Bc5 Rd2 38. Bxf8 e4 39. Rxa2 Rd1+ 40. Bf1 Ng3 41. Bd6 Rxd6 42. Qc4 Qb6+ 43. Kh2 Nxf1+ 44. Qxf1 e3 45. f4 Rd2 46. Ra8+ Rd8 47. Ra2 Qe6 48. Re2 Qe4 49. c4 Rd2 50. c5 Qc4 51. Re1 e2 52. Qf3 Qxb5 53. Qe3 Rc2 54. Ra1 Rxc5 55. Ra8+ Kh7 56. Ra2 Rc6 57. Qe4+ f5 58. Qe3 Qc4 59. Rxe2 b5 60. Qf3 Re6 61. Rd2 Qe4 62. Qf2 Rg6 63. Re2 Qb7 64. Qc5 Qd7 65. Rb2 Qd3 66. Qxb5 Qg3+ 67. Kh1 Qxf4 68. Rb1 Qe4 69. Rb2 Rg3 70. Kh2 Rd3 71. Rf2 f4 72. Qh5 Re3 73. Qf7 Rg3 74. Qxf4 Rxg2+ 75. Kh1 Qxf4 1/2-1/2

[Event "45th Olympiad Budapest 2024"]
[Site "Budapest"]
[Date "2024.09.20"]
[Round "9.3"]
[White "Fressinet, Laurent"]
[Black "Moroni, Luca Jr"]
[Result "1/2-1/2"]
[WhiteElo "2616"]
[BlackElo "2558"]
[PlyCount "60"]
[EventDate "2024.09.11"]
[EventType "team"]
[EventRounds "11"]
[EventCountry "HUN"]
[WhiteTeam "France"]
[BlackTeam "Italy"]
[WhiteTeamCountry "FRA"]
[BlackTeamCountry "ITA"]

1. e4 e6 2. d4 d5 3. exd5 exd5 4. Nf3 Bd6 5. c4 Nf6 6. c5 Be7 7. Qa4+ Bd7 8. Qc2 b6 9. Bd3 O-O 10. O-O Nc6 11. a3 bxc5 12. dxc5 a5 13. Bg5 $146 ({RR} 13. Bf4 h6 14. h3 Re8 15. Rd1 Qb8 16. Nc3 Bxc5 17. Nxd5 Nxd5 18. Bh7+ Kh8 19. Rxd5 Bd6 20. Be4 Ra6 21. Be3 Ne5 22. Nxe5 Rxe5 23. Bd4 c6 24. Rxe5 Bxe5 25. Rd1 Bxd4 26. Rxd4 Ra7 27. Qc5 Kg8 {Ahmadzada,A (2481)-Nazari,A (2389) Ankara TUR 2024 1-0 (63)}) 13... h6 14. Bh4 Nh5 15. Bxe7 Qxe7 16. Nc3 Nf4 17. Bf5 Be6 18. Qa4 d4 19. Nxd4 Nxd4 20. Qxd4 Qg5 21. g3 Qxf5 22. Qxf4 Qxc5 23. Rac1 c6 24. Ne2 Qb6 25. Qd4 Rab8 26. Qxb6 Rxb6 27. Nf4 Rxb2 28. Nxe6 fxe6 29. Rxc6 Rb3 30. Ra1 Rb2 1/2-1/2

[Event "45th Olympiad Budapest 2024"]
[Site "Budapest"]
[Date "2024.09.20"]
[Round "9.4"]
[White "Brunello, Sabino"]
[Black "Lagarde, Maxime"]
[Result "0-1"]
[WhiteElo "2511"]
[BlackElo "2598"]
[PlyCount "86"]
[EventDate "2024.09.11"]
[EventType "team"]
[EventRounds "11"]
[EventCountry "HUN"]
[WhiteTeam "Italy"]
[BlackTeam "France"]
[WhiteTeamCountry "ITA"]
[BlackTeamCountry "FRA"]

1. d4 Nf6 2. c4 e6 3. Nf3 b6 4. a3 Ba6 5. Qc2 Bb7 6. Nc3 c5 7. e4 cxd4 8. Nxd4 Bc5 9. Nb3 Nc6 10. Bd3 Qb8 ({RR} 10... O-O 11. Bf4 e5 12. Bg5 h6 13. Bh4 Be7 14. O-O Nh5 15. Bxe7 Qxe7 16. Rad1 Nf4 17. Nd5 Qg5 18. Nxf4 exf4 19. f3 Rac8 20. Qf2 Ne5 21. Qd4 Ba6 22. Rc1 Rc6 23. Be2 Rfc8 24. Nd2 Rg6 25. Qf2 {Lputian,S (2605)-Adams,M (2715) Wijk aan Zee 2000 ½-½}) 11. h3 ({RR} 11. Nxc5 bxc5 12. Be3 Nd4 13. Qd1 a5 14. O-O O-O 15. b4 axb4 16. axb4 Rxa1 17. Qxa1 Ng4 18. g3 Nxe3 19. fxe3 Nb3 20. Qb2 cxb4 21. Qxb3 bxc3 22. Rb1 Qa7 23. Kf2 Bc6 24. Qxc3 Qc5 25. Qd4 Qh5 {Yelisieiev,Y (2408)-Kollars,D (2659) chess.com INT 2024 0-1 (58)}) 11... Bd6 $146 ({RR} 11... O-O 12. O-O h6 13. Ne2 Be7 14. Bf4 d6 15. Rfd1 Ne5 16. Bxe5 dxe5 17. Rac1 Nd7 18. Qb1 Rd8 19. Rc3 Qc7 20. Nd2 a5 21. Bc2 Nb8 22. Ba4 Na6 23. Bb5 Nc5 24. f3 Bg5 25. Nb3 Rxd1+ 26. Qxd1 {Ballas,K (1887)-Theodorou,N (2232) Thessaloniki 2014 0-1}) 12. O-O Nh5 13. Re1 Bh2+ 14. Kh1 Bf4 15. Be2 Nf6 16. c5 O-O 17. Nb5 Ne7 18. Bf3 Ng6 19. Bxf4 Qxf4 20. Nd6 Ne5 21. Nxb7 Nxf3 22. gxf3 Nh5 23. Re3 Rab8 24. Nd6 bxc5 25. Rd1 c4 26. Nc5 Qh4 27. f4 Nxf4 28. Kh2 Qg5 29. Rg1 Qxc5 30. e5 Nd3 31. Qxc4 Qxc4 32. Nxc4 Nxb2 33. Nd6 f6 34. f4 fxe5 35. fxe5 Rf2+ 36. Kh1 Rbf8 37. Reg3 g6 38. Ne4 Rc2 39. Nf6+ Kg7 40. h4 Nc4 41. Nxd7 Rff2 42. Rh3 Nd2 43. Rg2 Ne4 0-1

[Event "45th Olympiad Budapest 2024"]
[Site "Budapest"]
[Date "2024.09.20"]
[Round "9.1"]
[White "Deac, Bogdan-Daniel"]
[Black "Dragnev, Valentin"]
[Result "1-0"]
[WhiteElo "2680"]
[BlackElo "2556"]
[PlyCount "131"]
[EventDate "2024.09.11"]
[EventType "team"]
[EventRounds "11"]
[EventCountry "HUN"]
[WhiteTeam "Romania"]
[BlackTeam "Austria"]
[WhiteTeamCountry "ROU"]
[BlackTeamCountry "AUT"]

1. Nf3 Nf6 2. c4 c5 3. Nc3 Nc6 4. e3 a6 5. b3 g6 6. Bb2 Bg7 7. Ne4 d6 8. Nxf6+ Bxf6 9. Bxf6 exf6 10. Be2 O-O 11. O-O d5 $146 ({RR} 11... f5 12. g3 Qf6 13. Qc2 Re8 14. Rfd1 a5 15. Qc3 Kg7 16. Ng5 h6 17. Nh3 g5 18. a3 f4 19. Qxf6+ Kxf6 20. Bf1 f3 21. Kh1 Bf5 22. Ng1 g4 23. Rdc1 a4 24. Rc3 axb3 25. Rxb3 Ra7 26. d3 {Ashraf,A (2399)-Dominguez Perez,L (2752) chess.com INT 2024 0-1 (53)}) 12. cxd5 Qxd5 13. Rc1 b6 14. d4 cxd4 15. Nxd4 Nxd4 16. exd4 Bb7 17. Bf3 Qd7 18. d5 Rfd8 19. Qd4 Qd6 20. Rfd1 Rd7 21. Rd2 Rad8 22. Rcd1 Kg7 23. h4 h5 24. g3 Qc7 25. Bg2 Rd6 26. Rd3 R8d7 27. Qb2 Rd8 28. Qd2 Qd7 29. Rd4 Qc8 30. Kh2 Qd7 31. Kg1 Qc8 32. a4 a5 33. b4 axb4 34. Qxb4 Qa8 35. Kh2 R8d7 36. Bh3 Rd8 37. Bg2 R8d7 38. Bf3 Qd8 39. Bg2 Qa8 40. R1d2 Rd8 41. R2d3 R8d7 42. Rd1 Rd8 43. Ra1 R8d7 44. Rad1 Rd8 45. Rc1 R8d7 46. Rc7 Qd8 47. Rxd7 Qxd7 48. a5 Qd8 49. Qb5 Bc8 50. a6 Rd7 51. d6 Ra7 52. Qc6 Bxa6 53. Ra4 Bb5 54. Qxb5 Rxa4 55. Qxa4 Qxd6 56. Qc4 Qd7 57. Bd5 Qe7 58. Qc6 Qa7 59. Qb7 Qxb7 60. Bxb7 g5 61. f4 b5 62. Kg2 b4 63. Bd5 Kf8 64. hxg5 fxg5 65. fxg5 Kg7 66. Kh3 1-0

[Event "45th Olympiad Budapest 2024"]
[Site "Budapest"]
[Date "2024.09.20"]
[Round "9.2"]
[White "Ragger, Markus"]
[Black "Shevchenko, Kirill"]
[Result "1/2-1/2"]
[WhiteElo "2601"]
[BlackElo "2673"]
[PlyCount "59"]
[EventDate "2024.09.11"]
[EventType "team"]
[EventRounds "11"]
[EventCountry "HUN"]
[WhiteTeam "Austria"]
[BlackTeam "Romania"]
[WhiteTeamCountry "AUT"]
[BlackTeamCountry "ROU"]

1. d4 Nf6 2. c4 g6 3. g3 Bg7 4. Bg2 O-O 5. Nc3 d6 6. Nf3 Bf5 7. O-O Ne4 8. Nh4 Nxc3 9. bxc3 Bc8 10. f4 c5 11. f5 Nc6 12. Be3 Bd7 13. Rb1 Na5 14. Qd3 cxd4 15. cxd4 e6 16. fxg6 $146 ({RR} 16. fxe6 fxe6 17. Rxf8+ Bxf8 18. Nxg6 Bg7 19. Nf4 e5 20. Bd5+ Kh8 21. Nh5 Be8 22. Nxg7 Kxg7 23. Qc3 Qc7 24. dxe5 dxe5 25. Rf1 Bg6 26. Bg5 h6 27. Bf6+ Kh7 28. Bxe5 Qc5+ 29. Bd4 Qc7 30. Qf3 Nc6 {Masague Artero,G (2324)-Martin Barcelo,C (2222) Barcelona ESP 2024 1-0 (71)}) 16... hxg6 17. Bxb7 Nxb7 18. Rxb7 Bc6 19. Rbxf7 Rxf7 20. Rxf7 Kxf7 21. Qxg6+ Kg8 22. Qxe6+ Kh7 23. Qf5+ Kg8 24. Qe6+ Kh7 25. Qf5+ Kg8 26. Qe6+ Kh7 27. Qf5+ Kg8 28. Qe6+ Kh7 29. Qf5+ Kg8 30. Qe6+ 1/2-1/2

[Event "45th Olympiad Budapest 2024"]
[Site "Budapest"]
[Date "2024.09.20"]
[Round "9.3"]
[White "Lupulescu, Constantin"]
[Black "Blohberger, Felix"]
[Result "1/2-1/2"]
[WhiteElo "2590"]
[BlackElo "2520"]
[PlyCount "158"]
[EventDate "2024.09.11"]
[EventType "team"]
[EventRounds "11"]
[EventCountry "HUN"]
[WhiteTeam "Romania"]
[BlackTeam "Austria"]
[WhiteTeamCountry "ROU"]
[BlackTeamCountry "AUT"]

1. c4 e6 2. Nc3 d5 3. d4 Nf6 4. cxd5 exd5 5. Bg5 Be7 6. e3 h6 7. Bh4 Bg4 8. Nf3 c6 9. Qc2 Nbd7 10. Bd3 O-O 11. O-O Bxf3 12. gxf3 Nh5 13. Bg3 Ndf6 $146 ({RR} 13... Re8 14. Rad1 Bf8 15. e4 g6 16. exd5 cxd5 17. Nxd5 Rc8 18. Qb3 Nb6 19. Nxb6 Qxb6 20. Qxb6 axb6 21. Be4 Nxg3 22. hxg3 Bd6 23. Rc1 Rb8 24. a4 Red8 25. Rfd1 f5 26. Bd5+ Kg7 27. Be6 Re8 28. d5 {Eljanov,P (2672)-Indjic,A (2610) Ajka HUN 2024 1-0 (63)}) 14. Rab1 Nxg3 15. hxg3 c5 16. dxc5 Bxc5 17. Rfd1 Bb4 18. a3 Bxc3 19. Qxc3 Rc8 20. Qd4 Qa5 21. Rbc1 Rfd8 22. Bf5 Rxc1 23. Rxc1 Ne8 24. Bd3 Qb6 25. Qxb6 axb6 26. Rc3 g6 27. Rb3 Rd6 28. e4 Kf8 29. exd5 Ke7 30. Bc4 Kd8 31. f4 Nf6 32. Kg2 Kc7 33. Rc3 Kd8 34. Kf3 h5 35. Rb3 Kc7 36. Rc3 Kd8 37. Re3 Kd7 38. Bb5+ Kd8 39. Bc4 Kd7 40. Rd3 Kd8 41. Rd2 Ke7 42. Ke3 Ng4+ 43. Kd4 Rd8 44. Bf1 Kd6 45. Kc4 Ra8 46. Kb5 Ra6 47. Bg2 Nf6 48. Bf3 Ne8 49. f5 Nc7+ 50. Kb4 Ra8 51. Kc3 Rh8 52. fxg6 fxg6 53. Be4 g5 54. Kd4 h4 55. gxh4 gxh4 56. f3 h3 57. Rh2 Rh6 58. Ke3 Nxd5+ 59. Bxd5 Kxd5 60. Kf4 Rf6+ 61. Kg3 Kd4 62. Rxh3 Ke3 63. Kg2 Ke2 64. Rg3 Rf7 65. a4 Rf4 66. b3 Rf7 67. b4 Rf4 68. b5 Rf7 69. Rg6 Rxf3 70. Rxb6 Rf7 71. Rd6 Ke3 72. b6 Ke4 73. a5 Rf5 74. Rd7 Rxa5 75. Rxb7 Kd5 76. Rh7 Kc6 77. b7 Rb5 78. Kf3 Rxb7 79. Rxb7 Kxb7 1/2-1/2

[Event "45th Olympiad Budapest 2024"]
[Site "Budapest"]
[Date "2024.09.20"]
[Round "9.4"]
[White "Baidetskyi, Valentin"]
[Black "Nisipeanu, Liviu-Dieter"]
[Result "1/2-1/2"]
[WhiteElo "2512"]
[BlackElo "2580"]
[PlyCount "167"]
[EventDate "2024.09.11"]
[EventType "team"]
[EventRounds "11"]
[EventCountry "HUN"]
[WhiteTeam "Austria"]
[BlackTeam "Romania"]
[WhiteTeamCountry "AUT"]
[BlackTeamCountry "ROU"]

1. e4 e5 2. Nf3 Nc6 3. d4 exd4 4. Nxd4 Nf6 5. Nxc6 bxc6 6. Nd2 d5 7. exd5 cxd5 8. Bb5+ Bd7 9. Bxd7+ Qxd7 10. O-O Be7 11. b3 O-O 12. Bb2 Qf5 ({RR} 12... Rad8 13. Re1 Rfe8 14. Qf3 Qg4 15. Qd3 Qg6 16. Nf3 Ne4 17. Re2 Bc5 18. Rae1 h6 19. Nd4 Bb6 20. b4 c5 21. bxc5 Bxc5 22. Nb3 Bb6 23. a4 a6 24. a5 Ba7 25. Bd4 Bxd4 26. Nxd4 Qd6 27. f3 {Baidetskyi,V (2497)-Plenca,J (2429) Apolda GER 2024 ½-½ (32)}) 13. Re1 ({RR} 13. Nf3 Rfe8 14. Qd3 Qxd3 15. cxd3 Nd7 16. Rac1 Nc5 17. Rfd1 Ne6 18. g3 Rec8 19. Rc6 a5 20. Nd4 Nxd4 21. Bxd4 a4 22. Rdc1 Ba3 23. R1c2 axb3 24. axb3 Rab8 25. Rxc7 Rxc7 26. Rxc7 h6 27. Rd7 Rxb3 {Ivanchuk,V (2732)-Hou,Y (2649) Shenzhen 2017 ½-½}) 13... Bc5 14. Nf3 Ne4 $146 ({RR} 14... Rfe8 15. Bxf6 Rxe1+ 16. Qxe1 Qxf6 17. Rd1 Rd8 18. Qe5 Qxe5 19. Nxe5 Rd6 20. Kf1 Bb6 21. Nd3 Rf6 22. f3 g6 23. a4 c6 24. b4 Bc7 25. h3 Re6 26. Rb1 Bg3 27. Rb3 h5 28. Rc3 h4 29. Rc5 {Bulmaga,I (2423)-Gomez Barrera,J (2266) Douglas IOM 2023 1-0 (60)}) ({RR} 14... Rfe8 15. Qd3 Qxd3 16. cxd3 Nd7 17. Nd4 Bxd4 18. Bxd4 c5 19. Be3 f6 20. Kf1 Kf7 21. Rac1 d4 22. Bf4 Rxe1+ 23. Kxe1 Ke6 24. Kd2 Kd5 25. Re1 Ne5 26. Bxe5 fxe5 27. Re4 {½-½ (27) Girel,J (2494)-Mons,L (2507) Germany GER 2024}) 15. Re2 Rad8 16. Qd3 Qg6 17. Nd4 Bb6 18. b4 c5 19. bxc5 Bxc5 20. Nb3 Bb6 21. a4 Rc8 22. Rc1 a5 23. Bd4 h6 24. Re3 Rfd8 25. Rce1 Qc6 26. Qb5 Bxd4 27. Nxd4 Qf6 28. Nf3 Rxc2 29. Qxa5 Rxf2 30. Rd1 Re8 31. Qxd5 Qg6 32. g3 Rb2 33. Rde1 Qb6 34. a5 Qa7 35. Qd4 Qxd4 36. Nxd4 Ra8 37. Rxe4 Rxa5 38. R4e2 Rxe2 39. Rxe2 g6 40. Kg2 h5 41. Nf3 Ra7 42. Ne5 Kg7 43. Kf3 Kf6 44. Nc4 Kg7 45. Nd6 Ra6 46. Rd2 Ra7 47. Ke4 Ra4+ 48. Rd4 Ra2 49. h4 Re2+ 50. Kf3 Re7 51. Rd3 Re6 52. Kf4 Kf8 53. Ne4 Re7 54. Nd6 Re6 55. Nc4 Kg7 56. Rd7 Rf6+ 57. Ke4 Rf1 58. Nd6 Kf8 59. Ra7 Kg8 60. Kd5 Rf3 61. Ne4 Kg7 62. Ng5 Rf1 63. Kd6 Kf8 64. Kd7 Rd1+ 65. Kc8 Rf1 66. Kd8 Rd1+ 67. Rd7 Rf1 68. Ne4 Ra1 69. Ng5 Rf1 70. Rd3 Ra1 71. Ne4 Ra8+ 72. Kd7 Ra7+ 73. Kd6 Ra6+ 74. Kd5 Ra5+ 75. Nc5 Kg7 76. Kd6 Ra1 77. Re3 Kf8 78. Nd7+ Kg7 79. Ke7 Ra6 80. Re4 Ra3 81. Ne5 Ra7+ 82. Kd6 Ra6+ 83. Kd7 Ra7+ 84. Ke8 1/2-1/2

[Event "45th Olympiad Budapest 2024"]
[Site "Budapest"]
[Date "2024.09.20"]
[Round "9.1"]
[White "Schitco, Ivan"]
[Black "Rodshtein, Maxim"]
[Result "0-1"]
[WhiteElo "2527"]
[BlackElo "2600"]
[PlyCount "62"]
[EventDate "2024.09.11"]
[EventType "team"]
[EventRounds "11"]
[EventCountry "HUN"]
[WhiteTeam "Moldova"]
[BlackTeam "Israel"]
[WhiteTeamCountry "MDA"]
[BlackTeamCountry "ISR"]

1. c4 Nf6 2. Nf3 e6 3. g3 d5 4. Bg2 dxc4 5. Qa4+ Nbd7 6. Qxc4 a6 7. Qc2 c5 8. Nc3 Qc7 9. O-O b6 10. d4 Bb7 11. Bf4 Bd6 12. Bxd6 Qxd6 13. Rfd1 O-O 14. e4 cxd4 15. Nxd4 Qc7 16. Rac1 Rad8 17. Qe2 Qb8 18. b4 g6 19. a4 Rc8 $146 ({RR} 19... e5 20. Nb3 Rfe8 21. Qe3 Ba8 22. Bf1 Qb7 23. Rd6 Rc8 24. Bh3 Kg7 25. Bxd7 Nxd7 26. Nd5 Rxc1+ 27. Qxc1 Re6 28. Nc7 Rxd6 29. Ne8+ Kf8 30. Nxd6 Qc6 31. Qxc6 Bxc6 32. b5 axb5 33. axb5 Ba8 34. Nd2 {Injac,T (2411)-Wagner,D (2452) Xi'an CHN 2024 ½-½ (50)}) 20. b5 axb5 21. Ndxb5 Rc5 22. Nd6 Bc6 23. f4 Bxa4 24. Nxa4 Rxc1 25. Rxc1 Qxd6 26. Qd1 Qa3 27. Rc3 Qb4 28. Rd3 b5 29. Rd4 Qa3 30. e5 Qe3+ 31. Kh1 Ng4 0-1

[Event "45th Olympiad Budapest 2024"]
[Site "Budapest"]
[Date "2024.09.20"]
[Round "9.2"]
[White "Nabaty, Tamir"]
[Black "Lashkin, Jegor"]
[Result "1/2-1/2"]
[WhiteElo "2630"]
[BlackElo "2472"]
[PlyCount "95"]
[EventDate "2024.09.11"]
[EventType "team"]
[EventRounds "11"]
[EventCountry "HUN"]
[WhiteTeam "Israel"]
[BlackTeam "Moldova"]
[WhiteTeamCountry "ISR"]
[BlackTeamCountry "MDA"]

1. d4 Nf6 2. c4 e6 3. Nf3 d5 4. e3 Be7 5. a3 O-O 6. b4 ({RR} 6. Nbd2 b6 7. b4 a5 8. b5 c6 9. bxc6 Nxc6 10. Bb2 Ba6 11. Rc1 Qd7 12. Bd3 dxc4 13. Nxc4 Qb7 14. O-O b5 15. Nce5 Nxe5 16. Nxe5 b4 17. axb4 Bxb4 18. Qe2 a4 19. Ra1 Bxd3 20. Nxd3 a3 {Rustemov,A (2525)-Tari,A (2635) chess.com INT 2024 1-0 (52)}) 6... a5 7. b5 c5 8. dxc5 $146 ({RR} 8. Bb2 Nbd7 9. cxd5 Nxd5 10. Be2 cxd4 11. Bxd4 Bf6 12. O-O Qe7 13. Bxf6 N7xf6 14. Qd4 Rd8 15. Rc1 Bd7 16. Nbd2 Be8 17. a4 Nd7 18. e4 Nb4 19. e5 Nf8 20. Qb2 Ng6 21. g3 Nd3 22. Bxd3 Rxd3 {Granda Zuniga,J (2652)-Tkachiev,V (2661) La Massana 2015 1-0 (40)}) ({RR} 8. Bb2 b6 9. Nbd2 Bb7 10. Rc1 Nbd7 11. Bd3 cxd4 12. Nxd4 dxc4 13. Nxc4 Bxg2 14. Rg1 Bd5 15. Nc6 Qe8 16. Rxg7+ Kxg7 17. Qg4+ Kh8 18. Qh4 e5 19. N4xe5 Nc5 20. Qxh7+ Nxh7 21. Nxf7+ {1-0 (21) Gasanov,E (2481)-Tabatabaei,M (2629) Chess.com INT 2020}) 8... Nbd7 9. c6 bxc6 10. bxc6 Nc5 11. Nc3 dxc4 12. Qxd8 Rxd8 13. Bxc4 Ba6 14. Bxa6 Rxa6 15. Nd4 e5 16. c7 Rc8 17. Ndb5 Ne6 18. Bd2 Nxc7 19. Nxc7 Rxc7 20. Ke2 a4 21. Rhb1 g6 22. Rb5 Bd6 23. f3 Rc5 24. e4 Kg7 25. Rb4 Rca5 26. Be3 Bc5 27. Rd1 Bxe3 28. Kxe3 h5 29. h4 Ra8 30. Rd6 Rc5 31. Rd3 Rca5 32. Kd2 R5a6 33. Rb5 Re6 34. Rb4 Rea6 35. Nd1 R8a7 36. Ne3 Nd7 37. Rb5 Rc6 38. Rc3 Rac7 39. Nd5 Rxc3 40. Nxc3 Nc5 41. Ke3 Rc6 42. g3 Ne6 43. Kd3 Nd4 44. Rxe5 Nxf3 45. Ra5 Ne1+ 46. Kd2 Nf3+ 47. Kc2 Ne1+ 48. Kd2 1/2-1/2

[Event "45th Olympiad Budapest 2024"]
[Site "Budapest"]
[Date "2024.09.20"]
[Round "9.3"]
[White "Bologan, Victor"]
[Black "Smirin, Ilia"]
[Result "1-0"]
[WhiteElo "2598"]
[BlackElo "2575"]
[PlyCount "75"]
[EventDate "2024.09.11"]
[EventType "team"]
[EventRounds "11"]
[EventCountry "HUN"]
[WhiteTeam "Moldova"]
[BlackTeam "Israel"]
[WhiteTeamCountry "MDA"]
[BlackTeamCountry "ISR"]

1. e4 c5 2. Nf3 Nc6 3. d4 cxd4 4. Nxd4 Nf6 5. Nc3 d6 6. Bg5 Bd7 7. Qd2 a6 8. f3 e6 9. O-O-O Nxd4 10. Qxd4 Be7 11. h4 b5 12. g4 Rb8 13. Kb1 Qc7 14. Qd2 b4 15. Ne2 a5 16. Be3 Bb5 $146 ({RR} 16... a4 17. g5 Nh5 18. Bh3 g6 19. Bg4 b3 20. cxb3 axb3 21. Rc1 Qb7 22. a3 Ng7 23. h5 Nxh5 24. Bxh5 gxh5 25. Ng3 d5 26. Nxh5 dxe4 27. Bc5 Bxc5 28. Rxc5 e3 29. Qxe3 Ke7 30. Qf4 Bc6 31. Qf6+ {Vidit,S (2727)-Martinez Alcantara,J (2598) Chess.com INT 2022 1-0 (40)}) 17. Nf4 Bxf1 18. Rhxf1 Nd7 19. g5 O-O 20. b3 Rfc8 21. Bd4 Ne5 22. Nh5 Bf8 23. f4 Nc6 24. Bb2 Na7 25. f5 Nb5 26. fxe6 fxe6 27. Nf4 Re8 28. g6 h6 29. Rf3 Qc6 30. Nh5 Rbc8 31. Rf7 Qxe4 32. Rg1 Re7 33. Qf2 Rec7 34. Rf1 Qxg6 35. Rxf8+ Rxf8 36. Qxf8+ Kh7 37. Bxg7 Na3+ 38. Ka1 1-0

[Event "45th Olympiad Budapest 2024"]
[Site "Budapest"]
[Date "2024.09.20"]
[Round "9.4"]
[White "Postny, Evgeny"]
[Black "Iordachescu, Viorel"]
[Result "0-1"]
[WhiteElo "2577"]
[BlackElo "2572"]
[PlyCount "94"]
[EventDate "2024.09.11"]
[EventType "team"]
[EventRounds "11"]
[EventCountry "HUN"]
[WhiteTeam "Israel"]
[BlackTeam "Moldova"]
[WhiteTeamCountry "ISR"]
[BlackTeamCountry "MDA"]

1. d4 Nf6 2. c4 g6 3. Nc3 Bg7 4. e4 d6 5. Nf3 O-O 6. Be2 Na6 7. Be3 e5 8. d5 Nh5 9. Nd2 ({RR} 9. Qc2 Qe7 10. O-O-O f5 11. Kb1 Nf4 12. Bf1 Nb4 13. Qb3 a5 14. a3 Na6 15. Nd2 Nc5 16. Qc2 a4 17. Bxc5 dxc5 18. Nxa4 Rf6 19. f3 Rfa6 20. Nc3 Bd7 21. g3 Nh5 22. Bd3 f4 23. g4 Nf6 {Sarana,A (2706)-Matinian,N (2396) chess.com INT 2024 1-0 (43)}) ({RR} 9. O-O Nf4 10. Bxf4 exf4 11. Qd2 g5 12. Nd4 Qf6 13. Rad1 Qxd4 14. Qxd4 Bxd4 15. Rxd4 f5 16. Bh5 Bd7 17. Re1 Be8 18. Bd1 Bg6 19. e5 dxe5 20. Rxe5 Rae8 21. Rxe8 Rxe8 22. Kf1 Nc5 23. Nb5 Rc8 {Chu Wei Chao (2420)-Klukin,K (2390) chess.com INT 2024 0-1 (69)}) 9... Nf4 10. Bf1 f5 11. Nb3 $146 ({RR} 11. g3 Nxd5 12. exd5 f4 13. Nde4 fxe3 14. fxe3 c6 15. Qe2 cxd5 16. Nxd5 Bf5 17. Ndc3 Qb6 18. O-O-O Bh6 19. Re1 Nb4 20. Bg2 Rac8 21. a3 Nc6 22. g4 Nd4 23. Qd1 Bxe4 24. Bxe4 Rf2 25. Na4 Rxc4+ {Roque,G (2087)-Msellek,I (2148) Paris 2015 0-1}) ({RR} 11. g3 Ng2+ 12. Bxg2 f4 13. Qe2 fxe3 14. Qxe3 Rf6 15. O-O-O Qf8 16. f3 c6 17. Kb1 Nc7 18. h4 h5 19. Ne2 Bd7 20. f4 exf4 21. gxf4 cxd5 22. cxd5 Bb5 23. Nd4 Rxf4 24. Rc1 Qf6 25. Rxc7 Qxd4 {Krush,I (2428)-Regam,J (1873) New York USA 2023 1-0 (33)}) 11... Qe8 12. a3 b6 13. Qc2 Bd7 14. O-O-O fxe4 15. Nxe4 Nc5 16. Nbd2 a5 17. Re1 a4 18. h4 Rb8 19. g3 Nh5 20. Bg2 Bf5 21. Kb1 Nxe4 22. Nxe4 b5 23. Ka2 b4 24. axb4 Rxb4 25. Bd2 Rb3 26. Bc3 Qb8 27. Bh3 Qb6 28. Bxf5 gxf5 29. Nd2 e4 30. Bxg7 Nxg7 31. c5 Qb4 32. Re3 Ra8 33. cxd6 cxd6 34. Rd1 Ne8 35. Rc3 Nf6 36. Rc8+ Rxc8 37. Qxc8+ Kg7 38. Qc2 Rd3 39. Qc7+ Kg6 40. h5+ Nxh5 41. g4 fxg4 42. Qc8 Nf6 43. Rg1 Qxd2 44. Rxg4+ Nxg4 45. Qxg4+ Qg5 46. Qxe4+ Qf5 47. Qe8+ Kh6 0-1

[Event "45th Olympiad Budapest 2024"]
[Site "Budapest"]
[Date "2024.09.20"]
[Round "9.1"]
[White "Ferreira, Jorge Viterbo"]
[Black "Cheparinov, Ivan"]
[Result "1/2-1/2"]
[WhiteElo "2535"]
[BlackElo "2628"]
[PlyCount "60"]
[EventDate "2024.09.11"]
[EventType "team"]
[EventRounds "11"]
[EventCountry "HUN"]
[WhiteTeam "Portugal"]
[BlackTeam "Bulgaria"]
[WhiteTeamCountry "POR"]
[BlackTeamCountry "BUL"]

1. Nf3 Nf6 2. c4 b6 3. g3 c5 4. Bg2 Bb7 5. O-O g6 6. b3 Bg7 7. Bb2 O-O 8. Nc3 d5 9. Nxd5 Nxd5 10. Bxg7 Kxg7 11. cxd5 Qxd5 12. d4 cxd4 13. Qxd4+ Qxd4 14. Nxd4 Bxg2 15. Kxg2 Rc8 16. Rac1 Nd7 17. Rfd1 Kf8 18. Ne6+ fxe6 19. Rxc8+ Rxc8 20. Rxd7 a5 21. Rb7 $146 ({RR} 21. e3 Rc2 22. Rb7 Rxa2 23. Rxb6 Kf7 24. b4 axb4 25. Rxb4 e5 26. h4 h5 27. Rb5 Kf6 28. Rb6+ e6 29. Rb7 Rc2 30. Rb8 Ra2 31. Rf8+ Ke7 32. Rg8 Kf7 33. Rb8 Kf6 34. Rf8+ Ke7 {½-½ (34) Staller,P (2307)-Grabarczyk,M (2509) Germany 2004}) 21... Rc6 22. f4 Rc2 23. Kf2 Rxa2 24. Rxb6 Kf7 25. Rb5 a4 26. bxa4 Rxa4 27. Kf3 Ra3+ 28. Kf2 Ra4 29. Kf3 Ra3+ 30. Kf2 Ra4 1/2-1/2